Česká litanie / (Záznam č. 1884)
| 000 -LEADER | |
|---|---|
| kontrolní pole pevné délky | 01884nam a2200541 i 4500 |
| 001 - ŘÍDÍCÍ ČÍSLO | |
| kontrolní pole | nkc20243660985 |
| 003 - CONTROL NUMBER IDENTIFIER | |
| kontrolní pole | CZ PrSKC |
| 005 - DATUM A ČAS POSLEDNÍHO ZPRACOVÁNÍ | |
| kontrolní pole | 20260428163849.0 |
| 007 - FYZICKÝ POPIS - SPECIFIKACE PRO TIŠTĚNÝ ČI RUKOPISNÝ (OKEM ČITELNÝ) TEXT | |
| kontrolní pole pevné délky | ta |
| 008 - SPECIFIKACE PRO KNIHY A POKRAČUJÍCÍ ZDROJE | |
| kontrolní pole pevné délky | 241212s2024 xr g 000 p cze |
| 015 ## - ČÍSLO NÁRODNÍ BIBLIOGRAFIE | |
| Číslo národní bibliografie | cnb003660985 |
| 020 ## - MEZINÁRODNÍ STANDARDNÍ ČÍSLO KNIHY (ISBN) | |
| ISBN | 9788076220355 |
| Kvalifikátor | (vázáno) |
| 035 ## - SYSTEM CONTROL NUMBER | |
| System control number | (OCoLC)1505964874 |
| 040 ## - CATALOGING SOURCE (Původ katalogizace) | |
| Agentura zajišťující původní katalogizaci | ABG001 |
| Jazyk katalogizace | cze |
| Agentura, která záznam modifikovala | BOA001 |
| Použitá pravidla popisu | rda |
| 072 #7 - SKUPINA KONSPEKTU | |
| Klasifikační znak skupiny Konspektu | 821.162.3-1 |
| Slovní vyjádření skupiny Konspektu | Česká poezie |
| Zdroj | Konspekt |
| 080 ## - MEZINÁRODNÍ DESETINNÉ TŘÍDĚNÍ | |
| Klasifikační znak MDT | 821.162.3-1 |
| Vydání | MRF |
| 080 ## - MEZINÁRODNÍ DESETINNÉ TŘÍDĚNÍ | |
| Klasifikační znak MDT | (0:82-1) |
| Vydání | MRF |
| 100 1# - HLAVNI ZÁHLAVÍ - OSOBNÍ JMÉNO | |
| Osobní jméno | Doležal, Miloš, |
| Data související se jménem | 1970- |
| Relationship | aut |
| 245 10 - ÚDAJE O NÁZVU | |
| Název | Česká litanie / |
| Údaje o odpovědnosti | Miloš Doležal |
| 264 #1 - PRODUCTION, PUBLICATION, DISTRIBUTION, MANUFACTURE, AND COPYRIGHT NOTICE | |
| Place of production, publication, distribution, manufacture | Praha : |
| Name of producer, publisher, distributor, manufacturer | Revolver Revue, |
| Date of production, publication, distribution, manufacture, or copyright notice | 2024 |
| 300 ## - FYZICKÝ POPIS | |
| Rozsah | 93 stran : |
| Další fyzické údaje | ilustrace (převážně barevné) ; |
| Rozměry | 21 cm |
| 336 ## - CONTENT TYPE | |
| Content type term | text |
| Content type code | txt |
| Zdroj | rdacontent |
| 337 ## - MEDIA TYPE | |
| Media type term | bez média |
| Media type code | n |
| Zdroj | rdamedia |
| 338 ## - CARRIER TYPE | |
| Carrier type term | svazek |
| Carrier type code | nc |
| Zdroj | rdacarrier |
| 490 1# - ÚDAJE O EDICI | |
| Údaj o edici | Revolver Revue ; |
| Označení svazku/pořadí | sv. 152 |
| 520 2# - ABSTRAKT, ATD. | |
| Text poznámky | Sbírka Česká litanie svérázným způsobem připomíná vybrané aktéry zdejší kultury a novodobé historie. |
| Rozšířený text poznámky | Literáti, výtvarníci či hudebníci se v ní potkávají s faráři, politiky a ornitologem, hrdinové s padouchy a oběti s fízly, tragické s komickým, každodenní s mimořádným, vysoké s nízkým. Litanie ve světě této knihy nevylučuje ironii a sarkasmus a básně Miloše Doležala se tu stýkají s jeho dokumentární a badatelskou prací. Nakladatelská anotace. |
| 655 #7 - REJSTŘÍKOVÝ TERMÍN -- žánr/forma | |
| Žánr/forma či základní termín | česká poezie |
| Source of term | czenas |
| 655 #9 - REJSTŘÍKOVÝ TERMÍN -- žánr/forma | |
| Žánr/forma či základní termín | Czech poetry |
| Source of term | eczenas |
| 830 #0 - SERIES ADDED ENTRY--UNIFORM TITLE | |
| Unifikovaný název | Revolver Revue |
| 900 ## - EQUIVALENCE OR CROSS-REFERENCE-PERSONAL NAME [LOCAL, CANADA] | |
| Římské číslice | 19 |
| 910 ## - USER-OPTION DATA (OCLC) | |
| User-option data | ABA001 |
| 910 ## - USER-OPTION DATA (OCLC) | |
| User-option data | ABA010 |
| 910 ## - USER-OPTION DATA (OCLC) | |
| User-option data | ABB060 |
| 910 ## - USER-OPTION DATA (OCLC) | |
| User-option data | ABD001 |
| 910 ## - USER-OPTION DATA (OCLC) | |
| User-option data | ABE461 |
| 910 ## - USER-OPTION DATA (OCLC) | |
| User-option data | ABG001 |
| 910 ## - USER-OPTION DATA (OCLC) | |
| User-option data | BOA001 |
| 910 ## - USER-OPTION DATA (OCLC) | |
| User-option data | CBA001 |
| 910 ## - USER-OPTION DATA (OCLC) | |
| User-option data | HKA001 |
| 910 ## - USER-OPTION DATA (OCLC) | |
| User-option data | JCG001 |
| 910 ## - USER-OPTION DATA (OCLC) | |
| User-option data | KLG001 |
| 910 ## - USER-OPTION DATA (OCLC) | |
| User-option data | OLA001 |
| 910 ## - USER-OPTION DATA (OCLC) | |
| User-option data | PNA001 |
| 910 ## - USER-OPTION DATA (OCLC) | |
| User-option data | ULG001 |
| 910 ## - USER-OPTION DATA (OCLC) | |
| User-option data | ZLG001 |
| 910 ## - USER-OPTION DATA (OCLC) | |
| User-option data | ZRG001 |
| 942 ## - PŘIDANÉ VEDLEJŠÍ ZÁHLAVÍ (KOHA) | |
| Source of classification or shelving scheme | Dewey Decimal Classification |
| Koha item type | Kniha |
| Suppress in OPAC | No |
| Datum poslední evidence | Přírůstkové číslo | Total Checkouts | Signatura | Čárový kód | Cena effektivně od | Koha item type | Stav ztráty | Source of classification or shelving scheme | Stav poškození | Nelze vypůjčit | Stav zrušení | Home library | Current library | Umístění | Datum zapsání |
|---|---|---|---|---|---|---|---|---|---|---|---|---|---|---|---|
| 28.04.2026 | 1884 | 942/1884/DOL | 942/1884/DOL | 28.04.2026 | Kniha | Dewey Decimal Classification | Centrum dokumentárního filmu | Centrum dokumentárního filmu | Dokumentární kniha 942 | 28.04.2026 |